| 000 | 00724nam a2200217 u 4500 | ||
|---|---|---|---|
| 005 | 20230822063712.0 | ||
| 008 | 101027s2007 r 000 0 eng d | ||
| 020 | _a9788466776417 | ||
| 035 | _aUPN01000178374 | ||
| 049 | _aCG | ||
| 050 | 4 |
_aPN6071 M3 _bE5.7 |
|
| 245 | 0 | 0 |
_aEntre lo real y lo imaginario / _cMar Fernández-Aliseda Garrido ... [et al.] ; coord. Raúl Ibáñez Torres. |
| 260 |
_aMadrid : _bAnaya, _c2007. |
||
| 300 |
_a128 p. : _bil. col. |
||
| 440 | 0 | _aFicciones matemáticas ; | |
| 650 | 4 |
_aMatemáticas en la literatura _912997 |
|
| 650 | 0 |
_aLiteratura juvenil española _912359 |
|
| 700 | 1 |
_aFernández-Aliseda Garrido, Mar, _ecoaut. |
|
| 700 | 1 |
_aIbáñez Torres, Raúl, _ecoord. |
|
| 905 | _aLibro | ||
| 999 |
_c150477 _d150477 |
||